Statistics for Most Streamed Eminem Songs

Click here to take the quiz!

General Stats

  • This quiz has been taken 115 times
  • The average score is 7 of 10

Answer Stats

#StreamsAnswer% Correct
12.07BLose Yourself
85%
41.67BThe Real Slim Shady
83%
21.98BWithout Me
76%
91.04BRap God
74%
81.05BStan
68%
51.53BMockingbird
66%
71.36BGodzilla
60%
61.42BLove The Way You Lie
60%
10977MThe Monster
55%
31.87BTill I Collapse
49%

Score Distribution

Percentile by Number Answered

Percent of People with Each Score

Your Score History

You have not taken this quiz